| 000 | 00354nam a2200133Ia 4500 | ||
|---|---|---|---|
| 008 | 240624s9999 xx 000 0 und d | ||
| 041 | _aeng | ||
| 082 | _a330.071 HOY | ||
| 100 | _aHOYT GAIL M | ||
| 245 | _aINTERNATIONAL HANDBOOK ON TEACHING AND L | ||
| 260 |
_c2012 _aUnited Kingdom _bEdward Elgar |
||
| 300 | _axxxvi, 852 p.; 23 cm. | ||
| 365 |
_cRS _b33 |
||
| 999 |
_c32292 _d32292 |
||